000 00705cam a22002653a 4500
001 10170
003 PGUSA
005 20140828083220.0
008 031101s2003||||xxu|||||s|||||000 | eng d
040 _aPGUSA
_beng
042 _adc
050 4 _aM
245 1 0 _aStars and Stripes Forever
_h[electronic resource]
260 _bProject Gutenberg,
_c2003
500 _aRecorded November 1909.
506 _aPublic domain in the USA.
516 _aElectronic text
653 _aBand music
653 _aMarches (Band)
700 1 _aSousa, John Philip,
_d1854-1932
700 1 _aSousa Band
830 0 _aProject Gutenberg
_v10170
856 4 0 _uhttp://www.gutenberg.org/ebooks/10170
942 _cEB
999 _c239425
_d239425